000 00956cam a2200205 a 4500
999 _c8421
_d8421
020 _a9780132139656 (pbk.)
020 _a0132139650
050 0 0 _aHF1008
_b.B96
100 1 _aBovée, Courtland L.
245 1 0 _aBusiness in action :
_bwith real-time updates /
_cCourtland L. Bovée, John V. Thill.
250 _a5th ed.
260 _aBoston :
_bPrentice Hall,
_cc2011.
300 _al, 542 p. :
_bcol. ill. ;
_c28 cm.
505 _aPART 1 setting the stage: the business of business PART 2 building the framework: business ownership and entrepreneurship PART 3 Guiding the enterprise leadership, organization and operation PART 4 Supporting the workforce: motivation and human resource PART 5 Satisfying the customer: marketing, sales and customer support PART 6 Managing the money: accounting and financial resources
650 0 _aBusiness.
650 0 _aCommerce.
650 0 _aIndustrial management.
700 1 _aThill, John V.
942 _cBK